Mathematics-II for BBA course / (Record no. 49395)

MARC details
000 -LEADER
fixed length control field 00839nam a22002417a 4500
005 - DATE AND TIME OF LATEST TRANSACTION
control field 20101222114046.0
008 - FIXED-LENGTH DATA ELEMENTS--GENERAL INFORMATION
fixed length control field 101222t xxu||||| |||| 00| 0 eng d
010 ## - LCCN (DPL NO)
LC control number ENG-101849
020 ## - INTERNATIONAL STANDARD BOOK NUMBER
International Standard Book Number 9789350244500
Terms of availability 198.00
035 ## - SYSTEM CONTROL NUMBER
System control number EN-85382
037 ## - SOURCE OF ACQUISITION
Source of stock number/acquisition DBAD / PUB
040 ## - CATALOGING SOURCE
Original cataloging agency dpl
Language of cataloging English
082 ## - DEWEY DECIMAL CLASSIFICATION NUMBER
Classification number 510
100 ## - MAIN ENTRY--PERSONAL NAME
9 (RLIN) 25069
Personal name Singh,J.K.
245 ## - TITLE STATEMENT
Title Mathematics-II for BBA course /
Statement of responsibility, etc by J.K.Singh [and] Deepti Rani
260 ## - PUBLICATION, DISTRIBUTION, ETC. (IMPRINT)
Place of publication, distribution, etc Mumbai
Name of publisher, distributor, etc Himalaya Publishing House
Date of publication, distribution, etc 2011
270 ## - ADDRESS
Address Ramdoot, Dr. Bhalerao Marg, Girgaon
City Mumbai
Postal code 400004
Telephone number 23860170
Fax number 022-23877178
300 ## - PHYSICAL DESCRIPTION
Extent Various pagings
Dimensions 23cm (pbk)
650 ## - SUBJECT ADDED ENTRY--TOPICAL TERM
9 (RLIN) 25070
700 ## - ADDED ENTRY--PERSONAL NAME
Personal name Deepti Rani
9 (RLIN) 25071
942 ## - ADDED ENTRY ELEMENTS (KOHA)
Source of classification or shelving scheme Dewey Decimal Classification
Item type English Books
Call number suffix SIN
Classification part 510
Holdings
Withdrawn status Lost status Source of classification or shelving scheme Damaged status Not for loan Collection code Home library Current library Date acquired Source of acquisition Cost, normal purchase price Total Checkouts Full call number Barcode Date last seen Copy number Cost, replacement price Koha item type
    Dewey Decimal Classification   Not For Loan Non-fiction D.B.Act.Division D.B.Act.Division 22/12/2010 DBAD/PUB 198.00   510 SIN EN-85382 22/12/2010 1 198.00 English Books

© Delhi Public Library
Hit Counter
free hit counter